[Event "AUTO-OPEN-2815"]
[Site "http://www.queenalice.com/game.php?id=1200977"]
[Date "2013.7.19"]
[Round "2"]
[White "Aspayne"]
[Black "Pato"]
[Result "1-0"]
[WhiteElo "2009"]
[BlackElo "2111"]

1. e4 e5 2. Nf3 Qe7 3. Nc3 c6 4. Be2 d6 5. O-O Bg4 6. d4 Nf6 7. Bg5 Nbd7 8. dxe5
dxe5 9. h3 Bxf3 10. Bxf3 g6 11. Bg4 Rd8 12. Qf3 Bg7 13. Rad1 h5 14. Bxd7+ Rxd7
15. Rxd7 Kxd7 16. Rd1+ Kc7 17. Qd3 Qe6 18. Be3 Kb8 19. a4 Rc8 20. b4 Bf8 21. b5
Bb4 22. b6 a6 23. f4 Bxc3 24. Qxc3 exf4 25. Bxf4+ Ka8 26. Rd6 Nxe4 27. Rxe6 Nxc3
28. Re7 Nxa4 29. Bc7 Rf8 30. Kf2 Nc3 31. Rd7 a5 32. Ke1 Nd5 33. c4 Ne3 34. Kd2
Nxg2 35. Rd3 1-0

[Event "AUTO-OPEN-2815"]
[Site "http://www.queenalice.com/game.php?id=1200978"]
[Date "2013.7.19"]
[Round "2"]
[White "Pato"]
[Black "Aspayne"]
[Result "0-1"]
[WhiteElo "2127"]
[BlackElo "1997"]

1. f4 d5 2. Nf3 c5 3. b3 Nc6 4. Bb2 Nf6 5. e3 g6 6. Bb5 Bg7 7. Bxc6+ bxc6 8. O-O
O-O 9. d3 Bg4 10. Nbd2 Qb6 11. Qe1 Ne8 12. Bxg7 Nxg7 13. Ne5 Bc8 14. Ndf3 f6 0-1

[Event "Challenge"]
[Site "http://www.queenalice.com/game.php?id=1211635"]
[Date "2013.8.26"]
[Round "-"]
[White "Zugswang"]
[Black "Pato"]
[Result "1/2-1/2"]
[WhiteElo "2188"]
[BlackElo "2105"]

1. e4 Nc6 2. d4 e5 3. d5 Nce7 4. c4 Ng6 5. Nc3 Bc5 6. Nf3 d6 7. a3 a5 8. Na4 Ba7
9. h3 Nf6 10. Bd3 h6 11. g3 O-O 12. Bd2 c6 13. b4 cxd5 14. cxd5 Bd7 15. b5 Rc8
16. Rc1 Ne7 17. g4 Nfxd5 18. exd5 Nxd5 19. O-O h5 20. Ng5 Nf4 21. Rxc8 Bxc8 22.
Bxf4 exf4 23. h4 hxg4 24. Bc4 Bf5 25. Qd5 Bg6 26. h5 Bxh5 27. Ne6 Qh4 28. Nxf4
g3 29. Qxh5 gxf2+ 30. Kg2 Qxf4 31. Rh1 Qe4+ 32. Kg3 Qe3+ 33. Kg4 Qe4+ 34. Kg3
Qe3+ 35. Kg2 Qe4+ 36. Kg3 1/2-1/2

[Event "Pros0dia"]
[Site "http://www.queenalice.com/game.php?id=1212476"]
[Date "2013.8.28"]
[Round "4"]
[White "Pato"]
[Black "MarceloPadre"]
[Result "0-1"]
[WhiteElo "2102"]
[BlackElo "2024"]

1. f4 d5 2. Nf3 e6 3. b3 Bd6 4. e3 Nf6 5. Bb2 Nbd7 6. Be2 b6 7. O-O Bb7 8. Qe1
c5 9. d3 Qe7 10. Ne5 O-O 11. Nd2 Ne8 12. Ndf3 f5 13. Qg3 Nef6 14. Rae1 b5 15.
Ng5 Bxe5 16. fxe5 Ng4 17. h3 Qxg5 18. hxg4 h5 19. Bc1 fxg4 20. d4 c4 21. e4 Qg6
22. exd5 Bxd5 23. bxc4 bxc4 24. Qc3 h4 25. Ba3 Rxf1+ 26. Rxf1 h3 27. Rf4 hxg2
28. Rxg4 Qh6 29. Rxg2 Bxg2 30. Kxg2 Rb8 31. Bxc4 Rb1 32. Qg3 Nb6 33. Bd3 Nd5 34.
c4 Qd2+ 35. Kh3 Nf4+ 0-1

[Event "bonow"]
[Site "http://www.queenalice.com/game.php?id=1213013"]
[Date "2013.8.30"]
[Round "4"]
[White "Spessatto"]
[Black "Pato"]
[Result "0-1"]
[WhiteElo "1906"]
[BlackElo "2093"]

1. d4 Nf6 2. h3 c5 3. Nf3 g6 4. Bf4 Bg7 5. e3 O-O 6. c3 Nc6 7. Bb5 a6 8. Bxc6
bxc6 9. O-O Nd5 10. Bh2 cxd4 11. exd4 Qb6 12. Qc2 d6 13. Nbd2 Bf5 14. Qc1 Rab8
15. Nc4 Qb5 16. b3 c5 17. Qd2 Rbc8 18. Nh4 Be6 19. Rab1 cxd4 20. cxd4 Qb4 21.
Qe2 Nc3 22. Qd2 Bxc4 23. bxc4 Qxc4 24. Nf3 Nxb1 25. Rxb1 Qc2 26. Qb4 Rc4 27. Qb7
Bxd4 28. Bg3 Bf6 29. Ne1 Qxa2 30. Nd3 Rfc8 31. Bf4 a5 32. Be3 a4 33. Nc1 Qc2 0-1

[Event "OS INCLIVEIS"]
[Site "http://www.queenalice.com/game.php?id=1219197"]
[Date "2013.9.23"]
[Round "-"]
[White "adelio"]
[Black "Pato"]
[Result "0-1"]
[WhiteElo "1777"]
[BlackElo "2084"]

1. b4 a5 2. b5 c5 3. bxc6 dxc6 4. Bb2 Nf6 5. Bxf6 exf6 6. e4 Bc5 7. h4 O-O 8. g4
Re8 9. Nc3 b5 10. Bd3 b4 11. Na4 Bd4 12. c3 Bxf2+ 13. Kxf2 Qxd3 14. Rh3 Qd7 15.
Nc5 Qa7 16. d4 Nd7 17. Ne2 Nxc5 18. dxc5 Qxc5+ 19. Qd4 Qxd4+ 20. cxd4 Rxe4 21.
Rg1 Bxg4 22. Re3 Rxe3 23. Rxg4 Rae8 24. Ng3 Ra3 25. h5 Rxa2+ 26. Kf1 g6 27. h6
Rh2 28. Nf5 Kf8 29. Nd6 Re6 30. Nc4 a4 31. Kg1 Rc2 32. Ne5 fxe5 33. d5 cxd5 34.
Rxb4 e4 35. Rxa4 e3 36. Ra8+ Ke7 37. Ra1 d4 38. Ra7+ Kf6 39. Ra1 d3 40. Ra4 e2
41. Rf4+ Kg5 42. Rf3 e1=Q+ 43. Rf1 Qg3+ 44. Kh1 Rh2# 0-1

[Event "Só brasileiros"]
[Site "http://www.queenalice.com/game.php?id=1223596"]
[Date "2013.10.10"]
[Round "1"]
[White "Pato"]
[Black "yamato"]
[Result "1-0"]
[WhiteElo "2099"]
[BlackElo "2331"]

1. f4 g6 2. Nf3 Bg7 3. e3 Nf6 4. d4 O-O 5. Be2 d6 6. O-O b6 7. c4 c5 8. Nc3 Bb7
9. d5 e6 10. e4 exd5 11. cxd5 Re8 12. Bb5 Rf8 13. Re1 a6 14. Bd3 b5 15. Kh1 Nbd7
16. Be3 b4 17. Na4 Nxe4 18. Bxe4 Nf6 19. Bg1 Nxe4 20. Rxe4 a5 21. Rc1 Ba6 22. b3
Bc8 23. Qd2 Bd7 24. Nb2 a4 25. Nc4 Bf5 26. Re3 Ra6 27. Rce1 Bd7 28. Ng5 Bb5 29.
Qc2 Ra7 30. Ne4 Ra6 31. Nexd6 axb3 32. axb3 Bd7 33. Re7 Bf6 34. Rxd7 Qxd7 35.
Bxc5 Rb8 36. Ne5 Bxe5 37. fxe5 Rba8 38. h3 Ra1 39. Rxa1 Rxa1+ 40. Kh2 Qe7 41.
Bd4 Ra8 42. Ne4 Qh4 43. Nf6+ Kg7 44. Ng4 h5 45. e6+ Kg8 46. exf7+ Kxf7 47. Qc7+
Ke8 48. Bf6 Qe1 49. Qc6+ Kf7 50. Nh6+ 1-0

[Event "Challenge"]
[Site "http://www.queenalice.com/game.php?id=1243925"]
[Date "2013.12.30"]
[Round "-"]
[White "picapal"]
[Black "Pato"]
[Result "0-1"]
[WhiteElo "1876"]
[BlackElo "2098"]

1. e4 Nc6 2. Nf3 d5 3. e5 Bg4 4. c4 Bxf3 5. Qxf3 Nxe5 6. Qxd5 Qxd5 7. cxd5 O-O-O
8. d4 Nd7 9. Bc4 Nb6 10. Bb3 Nxd5 11. Nc3 Ngf6 12. Nxd5 Nxd5 13. O-O e6 14. Be3
Be7 15. Bxd5 Rxd5 16. Rac1 Bf6 17. Bf4 c6 18. Rc4 Bxd4 19. Be3 Rhd8 20. Bc1 Bb6
21. Be3 Kc7 22. Rg4 g6 23. a4 h5 24. Rf4 f5 25. h4 e5 26. Bxb6+ axb6 27. Rc4 Rd4
28. Rxd4 Rxd4 29. b3 Rxh4 30. Re1 Kd6 31. Rd1+ Rd4 32. Rc1 c5 33. Rc3 g5 34. g3
e4 35. Rc2 Rd3 36. Ra2 Rxb3 37. a5 bxa5 38. Rxa5 e3 39. Ra2 c4 40. Kf1 Ke5 41.
fxe3 Rxe3 42. Ra5+ Ke4 43. Kf2 Rf3+ 44. Ke2 Rxg3 45. Rc5 Rg2+ 46. Kd1 h4 47. Ke1
Rc2 48. Kf1 h3 49. Rc7 h2 50. Rh7 g4 0-1

[Event "Challenge"]
[Site "http://www.queenalice.com/game.php?id=1249291"]
[Date "2014.1.18"]
[Round "-"]
[White "Flamengo_Brasil"]
[Black "Pato"]
[Result "1/2-1/2"]
[WhiteElo "2349"]
[BlackElo "2104"]

1. e4 Nc6 2. d4 e5 3. d5 Nce7 4. Nf3 Ng6 5. Nc3 Bc5 6. h4 h5 7. Bg5 Nf6 8. Qd2
d6 9. Bb5+ Kf8 10. O-O-O a6 11. Bd3 Bg4 12. Kb1 b5 13. Rde1 Qe8 14. Nh2 Bd7 15.
Bxf6 gxf6 16. Nf1 a5 17. Ne3 a4 18. a3 b4 19. axb4 Bxb4 20. Nc4 a3 21. bxa3 Bxa3
22. Nxa3 Rxa3 23. Kb2 Ra8 24. Rb1 Kg7 25. Kc1 Rb8 26. Rxb8 Qxb8 27. Kd1 Qb6 28.
Ke1 Ra8 29. Be2 Ra1+ 30. Nd1 Nf4 31. Bf3 f5 32. g3 fxe4 33. gxf4 exf3 34. fxe5
dxe5 35. Qg5+ Kf8 36. Qxe5 Rxd1+ 37. Kxd1 Qb1+ 38. Kd2 Qxh1 39. Qxc7 Qh3 40.
Qd8+ Be8 41. Qd6+ Kg8 42. Qd8 Qd7 43. Qg5+ Kf8 44. Qxh5 Qd6 45. Qh8+ Ke7 46. Qd4
Kd8 47. Ke3 f6 48. Kxf3 Bh5+ 49. Ke3 Qa3+ 50. Kd2 Qf3 51. c4 Qd1+ 52. Kc3 Qa1+
53. Kd3 Qd1+ 54. Kc3 Qa1+ 55. Kd3 Qd1+ 56. Kc3 Qa1+ 1/2-1/2

[Event "Challenge"]
[Site "http://www.queenalice.com/game.php?id=1249884"]
[Date "2014.1.20"]
[Round "-"]
[White "novoselic"]
[Black "Pato"]
[Result "0-1"]
[WhiteElo "2141"]
[BlackElo "2080"]

1. e4 e5 2. Nf3 Qe7 3. Bc4 d6 4. d4 c6 5. O-O Bg4 6. h3 Bxf3 7. gxf3 Nf6 8. Bg5
h6 9. Bh4 g5 10. Bg3 Nh5 11. dxe5 dxe5 12. Nc3 Nxg3 13. fxg3 Qc5+ 0-1

[Event "quick game "]
[Site "http://www.queenalice.com/game.php?id=1254002"]
[Date "2014.2.5"]
[Round "-"]
[White "homossexuais"]
[Black "Pato"]
[Result "0-1"]
[WhiteElo "1876"]
[BlackElo "2111"]

1. e4 Nc6 2. d4 e5 3. d5 Nce7 4. Nf3 Ng6 5. Nc3 Bc5 6. h4 h5 7. Bg5 f6 8. Be3
Bxe3 9. fxe3 d6 10. Bb5+ Bd7 11. Qe2 a6 12. Bd3 Nh6 13. O-O-O Ng4 14. Rhf1 c5
15. Qd2 b5 16. Rde1 c4 17. Be2 Qa5 18. Kb1 b4 19. Nd1 Qc5 20. c3 a5 21. Qc1 Bb5
22. g3 Ke7 23. Nd2 Rhc8 24. Bxg4 hxg4 25. h5 Nf8 26. h6 g6 27. Nf2 Bd7 28. Nd1
Nh7 29. Re2 Rab8 30. Rh2 Ba4 0-1

[Event "Challenge"]
[Site "http://www.queenalice.com/game.php?id=1257185"]
[Date "2014.2.16"]
[Round "-"]
[White "Zugswang"]
[Black "Pato"]
[Result "1-0"]
[WhiteElo "2208"]
[BlackElo "2116"]

1. e4 Nc6 2. d4 e5 3. d5 Nce7 4. c4 Ng6 5. g3 Bc5 6. Nc3 Nf6 7. Bd3 O-O 8. h3 h6
9. Nf3 d6 10. Na4 Bb4+ 11. Nc3 Bxc3+ 12. bxc3 c5 13. g4 Qa5 14. Qc2 Nh7 15. Rg1
Bd7 16. h4 Ba4 17. Qb2 a6 18. g5 h5 19. Rb1 Rab8 20. Qa3 b5 21. cxb5 axb5 22.
Bc2 Ra8 23. Bxa4 Qxa4 24. Qxa4 Rxa4 25. Rxb5 Rxe4+ 26. Kd1 Ra8 27. a3 Nf4 28.
Bxf4 Rxf4 29. Ke2 Rxa3 30. Rc1 e4 31. Nd2 Rxh4 32. Rb8+ Nf8 33. Rd8 g6 34. Rb1
Rg4 35. Rbb8 Rxg5 36. Rxf8+ 1-0

[Event "Challenge"]
[Site "http://www.queenalice.com/game.php?id=1264928"]
[Date "2014.3.14"]
[Round "-"]
[White "Pato"]
[Black "StenioVS"]
[Result "0-1"]
[WhiteElo "2118"]
[BlackElo "2212"]

1. e4 e5 2. c3 d5 3. d3 dxe4 4. dxe4 Qxd1+ 5. Kxd1 Bc5 6. f3 Be6 7. Nd2 Nc6 8.
Nb3 Be7 9. Be3 O-O-O+ 10. Kc2 g6 11. Bb5 Bd7 12. Bc4 f5 13. Ne2 Nf6 14. Bd3 f4
15. Bf2 Be6 16. Bb5 Bd7 17. Rhd1 a6 18. Bc4 g5 19. Nc5 Na5 20. Nxd7 Nxc4 21.
Nxf6 Bxf6 22. b3 Na3+ 23. Kb2 Nb5 24. a4 Nd6 25. c4 Nf7 26. Nc3 c6 27. Bb6 Rxd1
28. Rxd1 Bd8 29. a5 h5 30. Na4 g4 31. Nc5 Ng5 32. Rd3 Bxb6 33. axb6 gxf3 34.
gxf3 Rd8 35. Rxd8+ Kxd8 36. Nxb7+ Kc8 37. Nd6+ Kb8 38. c5 Nxf3 39. Nc4 Nxh2 40.
Nxe5 f3 41. Nxc6+ Kc8 0-1

[Event "Challenge"]
[Site "http://www.queenalice.com/game.php?id=1273654"]
[Date "2014.4.16"]
[Round "-"]
[White "Zugswang"]
[Black "Pato"]
[Result "1-0"]
[WhiteElo "2197"]
[BlackElo "2108"]

1. e4 e5 2. f4 d6 3. Nf3 Nc6 4. Bc4 Bg4 5. O-O Nf6 6. d3 Be7 7. c3 O-O 8. h3
Bxf3 9. Qxf3 Na5 10. Bb5 c6 11. Ba4 b5 12. Bc2 Nb7 13. f5 d5 14. g4 dxe4 15.
dxe4 Nd7 16. b4 a5 17. Bd2 axb4 18. cxb4 c5 19. bxc5 Ndxc5 20. Bc3 Bf6 21. Rd1
Qb6 22. Kg2 b4 23. Bb2 Rfd8 24. Nd2 Qb5 25. Nb3 Na4 26. Rab1 Rxd1 27. Bxd1 Nxb2
28. Rxb2 Nc5 29. Be2 Qb6 30. Qe3 Be7 31. Rc2 Na4 32. Qxb6 Nxb6 33. Kg3 Na4 34.
Rc7 Bf8 35. Bc4 Nc3 36. Rxf7 Nxe4+ 37. Kh4 Nd6 38. Ra7+ 1-0

[Event "Só brasileiros"]
[Site "http://www.queenalice.com/game.php?id=1289953"]
[Date "2014.6.22"]
[Round "2"]
[White "MarceloPadre"]
[Black "Pato"]
[Result "1/2-1/2"]
[WhiteElo "2077"]
[BlackElo "2109"]

1. d4 Nf6 2. c4 e5 3. dxe5 Ng4 4. Bf4 g5 5. Bg3 Bg7 6. Nf3 Nc6 7. Nc3 Ngxe5 8.
e3 d6 9. Be2 Be6 10. Nd5 Ne7 11. Qd2 Nxd5 12. cxd5 Bf5 13. Nxe5 dxe5 14. O-O O-O
15. f3 Bg6 16. e4 h5 17. Qc3 Qe7 18. Bf2 Qd7 19. Rfc1 Rfc8 20. a4 c6 21. dxc6
Rxc6 22. Qe3 Rxc1+ 23. Rxc1 f6 24. Bb5 Qe7 25. Qc3 a6 26. Bc5 Qd8 27. Bc4+ Kh7
28. Be6 Be8 29. a5 Bc6 30. Bf5+ Kh6 31. Qe1 Bf8 32. Bb6 Qd3 33. h4 Qb5 34. Be3
Rd8 35. hxg5+ fxg5 36. Qh4 Be7 37. g4 Be8 38. gxh5 Qe2 39. Qf2 Rd1+ 40. Rxd1
Qxd1+ 41. Kg2 Bb4 42. Qg3 Qe2+ 43. Qf2 Qxf2+ 44. Kxf2 Bxa5 45. Bc8 Bc6 46. Bc5
Kxh5 47. Bd6 Bb6+ 48. Ke2 Bd4 49. b4 Bb5+ 50. Kd2 b6 51. Bg4+ Kh4 52. Bc7 Kg3
53. Bd8 Kf4 54. Bc7 Be3+ 55. Ke1 Bc1 56. Bxb6 Ba3 1/2-1/2

[Event "Só brasileiros"]
[Site "http://www.queenalice.com/game.php?id=1328323"]
[Date "2014.12.15"]
[Round "3"]
[White "Pato"]
[Black "BEBADO"]
[Result "1/2-1/2"]
[WhiteElo "2108"]
[BlackElo "2250"]

1. f4 Nf6 2. Nf3 g6 3. b3 Bg7 4. Bb2 O-O 5. e3 d6 6. d4 e5 7. dxe5 dxe5 8. Qxd8
Rxd8 9. Bxe5 Nc6 10. Nbd2 Nxe5 11. Nxe5 Ng4 12. Ndc4 Nxe5 13. Nxe5 Bf5 14. Rc1
Bxe5 15. fxe5 Rd5 16. Bc4 Rxe5 17. Kf2 Rd8 18. Rhe1 Kg7 19. h3 h5 20. Bd3 c6 21.
Rcd1 Rde8 22. Bxf5 Rxf5+ 23. Ke2 Rfe5 24. Rd3 R8e7 25. g3 f5 26. Kf3 g5 27. a4
Re4 28. Red1 Kf7 29. a5 R4e5 30. b4 Re4 31. Rb3 a6 32. Rd4 Rxd4 33. exd4 Re1 34.
Re3 Rf1+ 35. Kg2 Rc1 36. Rc3 Rd1 37. Rc4 Ke6 38. c3 Rd2+ 39. Kg1 Rc2 40. Rc5 Kf6
41. Kh1 h4 42. gxh4 gxh4 43. c4 Rb2 44. d5 cxd5 45. cxd5 Rxb4 46. d6 Ke6 47. Rd5
Kd7 48. Rxf5 Kxd6 49. Rh5 Rb5 50. Rxh4 Rxa5 51. Kg2 b5 52. Kf2 Kc5 53. Ke2 Ra2+
54. Kd3 b4 55. Rh5+ Kb6 56. Kc4 a5 57. Rh6+ Kc7 58. h4 Kd7 59. h5 Ke7 60. Rb6
Kf7 61. h6 Rh2 62. Kb3 Kg8 63. Ra6 Kh7 64. Rxa5 1/2-1/2

[Event "Só brasileiros"]
[Site "http://www.queenalice.com/game.php?id=1365876"]
[Date "2015.6.16"]
[Round "4"]
[White "Pato"]
[Black "falekhine"]
[Result "1/2-1/2"]
[WhiteElo "2111"]
[BlackElo "2117"]

1. f4 d5 2. b3 Bg4 3. Nf3 e6 4. e3 Be7 5. Bb2 Bf6 6. d4 Nh6 7. Be2 Nf5 8. Qd2 c5
9. O-O Bxf3 10. Bxf3 Nc6 11. c3 cxd4 12. exd4 b5 13. g4 Nh4 14. g5 Nxf3+ 15.
Rxf3 Be7 16. Qd3 a6 17. Nd2 g6 18. h4 h6 19. Kg2 hxg5 20. hxg5 Qc7 21. Rh1 Kd7
22. Rxh8 Rxh8 23. Nf1 Bd6 24. Bc1 Ne7 25. Ng3 Rh4 26. Qf1 Nf5 27. Nxf5 gxf5 28.
Bd2 Be7 29. Rh3 Rg4+ 30. Kf3 Bd6 31. Rg3 Bxf4 32. Rxg4 fxg4+ 33. Ke2 e5 34. dxe5
Qxe5+ 35. Kd1 Bxd2 36. Qxf7+ Kc6 37. Qg6+ Kd7 38. Kxd2 g3 39. Qf7+ Kc6 40. Qf6+
Qxf6 41. gxf6 Kd6 42. Ke2 Ke6 43. Kf3 Kxf6 44. Kxg3 Kg5 45. Kf3 Kf5 46. Ke3 Ke5
47. Kd3 a5 48. a3 1/2-1/2

[Event "Challenge"]
[Site "http://www.queenalice.com/game.php?id=1374328"]
[Date "2015.7.30"]
[Round "-"]
[White "Moloch"]
[Black "Pato"]
[Result "0-1"]
[WhiteElo "2110"]
[BlackElo "2125"]

1. Nf3 Nc6 2. g3 b6 3. Bg2 Bb7 4. O-O Nf6 5. b3 g6 6. Bb2 Bg7 7. d3 O-O 8. e4 d6
9. Nbd2 e5 10. Re1 a5 11. a4 Nd7 12. c3 h6 13. Nc4 Ne7 14. d4 f6 15. Qc2 Kh7 16.
Rad1 Ba6 17. Ne3 b5 18. axb5 Bxb5 19. c4 Ba6 20. c5 Qb8 21. c6 Nb6 22. d5 Bc8
23. Nc4 f5 24. Nh4 f4 25. Rd3 g5 26. Nf3 g4 27. Nh4 f3 28. Bh1 Bf6 29. Nxf3 gxf3
30. Bxf3 Nxc4 31. Qxc4 Ba6 32. Qc3 Bxd3 33. Qxd3 Qb4 34. Rb1 Rab8 35. Bc3 Qb5
36. Qd1 Bg7 37. Bg2 Rxf2 38. Kxf2 Qc5+ 39. Kf1 Rf8+ 40. Bf3 Qxc3 41. Kg2 Rxf3
0-1

[Event "OS INCLIVEIS"]
[Site "http://www.queenalice.com/game.php?id=1406142"]
[Date "2016.1.25"]
[Round "-"]
[White "adelio"]
[Black "Pato"]
[Result "0-1"]
[WhiteElo "1696"]
[BlackElo "2150"]

1. d4 Nf6 2. c4 e5 3. d5 Bc5 4. e3 O-O 5. Be2 d6 6. h4 c6 7. Nf3 Bg4 8. Nc3 Nbd7
9. Ng5 Bxe2 10. Nxe2 h6 11. Ng3 cxd5 12. Nf5 Bb4+ 13. Kf1 dxc4 14. e4 Nb6 15.
Nxf7 Rxf7 16. Bxh6 d5 17. Nxg7 Rxg7 18. Bxg7 Kxg7 19. h5 dxe4 20. h6+ Kh7 21.
Qc2 Qd3+ 22. Qe2 Rd8 23. Rh3 Qxe2+ 24. Kxe2 Nbd5 25. g3 c3 26. Rf1 cxb2 27. f4
b1=Q 28. fxe5 Qd3+ 29. Kf2 Ng4+ 30. Kg2 Qe2+ 31. Kg1 Bc5+ 32. Kh1 Qxf1# 0-1

[Event "Challenge"]
[Site "http://www.queenalice.com/game.php?id=1406439"]
[Date "2016.1.27"]
[Round "-"]
[White "ATeixeira"]
[Black "Pato"]
[Result "0-1"]
[WhiteElo "2154"]
[BlackElo "2137"]

1. d4 Nf6 2. Nf3 c5 3. d5 e6 4. c4 exd5 5. cxd5 d6 6. e4 Be7 7. Nc3 O-O 8. Be2
a6 9. a4 Re8 10. O-O Bg4 11. Be3 Nbd7 12. Nd2 Bxe2 13. Qxe2 Bf8 14. a5 Qc7 15.
Nc4 g6 16. Qd3 Ne5 17. Nxe5 Rxe5 18. Qc4 Ree8 19. f3 Nd7 20. f4 Bg7 21. Rfe1 b5
22. Qd3 c4 23. Qc2 Nc5 24. Bxc5 Qxc5+ 25. Kh1 Rac8 26. h3 b4 27. Nd1 Re7 28. Qf2
Qxf2 29. Nxf2 Bxb2 0-1